Conditional Deferral Agreement in respect of overdue and deferred payments under the Power Purchase Agreement between Volta River Authority and Takoradi International Company for the 220MW Thermal Power Generating Plant at Takoradi (Record no. 4263)

MARC details
000 -LEADER
fixed length control field 00775nam a22001817a 4500
003 - CONTROL NUMBER IDENTIFIER
control field OSt
005 - DATE AND TIME OF LATEST TRANSACTION
control field 20250225143431.0
008 - FIXED-LENGTH DATA ELEMENTS--GENERAL INFORMATION
fixed length control field 240729b |||||||| |||| 00| 0 eng d
041 ## - LANGUAGE CODE
Language code of text/sound track or separate title English
082 ## - DEWEY DECIMAL CLASSIFICATION NUMBER
Classification number Class No. PM/TIC/01 Acc No. 9457
110 ## - MAIN ENTRY--CORPORATE NAME
Corporate name or jurisdiction name as entry element Ministry of Energy
245 ## - TITLE STATEMENT
Title Conditional Deferral Agreement in respect of overdue and deferred payments under the Power Purchase Agreement between Volta River Authority and Takoradi International Company for the 220MW Thermal Power Generating Plant at Takoradi
260 ## - PUBLICATION, DISTRIBUTION, ETC.
Place of publication, distribution, etc. Accra:
Name of publisher, distributor, etc. Government of Ghana,
Date of publication, distribution, etc. 2001
300 ## - PHYSICAL DESCRIPTION
Extent 3p.;
500 ## - GENERAL NOTE
General note includes app
653 ## - INDEX TERM--UNCONTROLLED
Uncontrolled term 1. 220MW thermal power generating plant at Takoradi 2. Volta River Authority 3. Takoradi International Company
942 ## - ADDED ENTRY ELEMENTS (KOHA)
Source of classification or shelving scheme Dewey Decimal Classification
Koha item type Memorandum
Suppress in OPAC No
Holdings
Withdrawn status Lost status Source of classification or shelving scheme Damaged status Not for loan Home library Current library Shelving location Date acquired Total checkouts Full call number Date last seen Copy number Price effective from Koha item type
    Dewey Decimal Classification     Main Library Main Library Open Shelves 25/02/2025   Class No. PM/TIC/01 Acc No. 9457 25/02/2025 1 25/02/2025 Memorandum
©2026  Parliament of Ghana Library - All rights reserved